perso harry potter - Statistiques

Statistiques générales
  • Ce quiz a été pris 116 fois
  • Le résultat moyen est 46 sur 121
Statistiques - réponses
nombre personnage % Correct
92 harry potter
96%
121 ron weasley
78%
117 george weasley
71%
31 albus dumbledore
69%
116 fred weasley
69%
118 ginny weasley
69%
48 hermione granger
69%
113 arthur weasley
67%
114 bill weasley
67%
94 lily potter
67%
120 percy weasley
67%
115 charlie weasley
65%
93 james potter
65%
119 molly weasley
65%
75 narcissa malefoy
61%
98 severus rogue
61%
7 sirius black
61%
73 drago malefoy
59%
74 lucius malefoy
59%
67 neville londubat
59%
70 remus lupin
59%
61 bellatrix lestrange
57%
53 hedwige
57%
68 luna lovegood
57%
71 minerva mcgonagall
57%
112 voldemort
57%
23 fleur delacour
55%
110 nymphadora tonks
55%
16 pomona chourave
55%
27 dobby
53%
52 rubeus hagrid
53%
76 alastor maugrey
51%
83 dolores ombrage
51%
60 viktor krum
51%
30 abelforth dumbledore
49%
32 ariana dumbledore
49%
42 filius flitwick
49%
64 alice londubat
47%
108 dean thomas
47%
66 franck londubat
47%
63 gilderoy lockhart
47%
107 horace slughorn
47%
39 seamus finnigan
47%
12 buck
45%
15 cho chang
45%
1 Hannah abbot
45%
85 padma patil
45%
86 parvati patil
45%
69 xenophilius lovegood
45%
2 aragog
43%
65 augusta londubat
43%
26 cedric diggory
43%
59 kreattur
43%
89 peter pettigrow
43%
96 quirinus quirell
43%
13 alecto carrow
41%
100 argus rusard
41%
43 cornélius fudge
41%
34 dudley dursley
41%
58 igor karkaroff
41%
9 lavande brown
41%
77 olympe maxime
41%
36 pétunia dursley
41%
37 vernon dursley
41%
14 amycus carrow
39%
55 angélina johnson
39%
24 gabrielle delacour
39%
47 gregory goyle
39%
87 pattenrond
39%
17 vincent crabbe
39%
84 pansy parkinson
37%
40 firenze
35%
90 poppy pomfresh
35%
25 amos diggory
33%
20 crockdur
33%
29 olivier dubois
33%
81 nick quasi sans tête
31%
5 renée bibine
31%
56 lee jordan
29%
78 mimi geignarde
29%
88 peeves
29%
102 rowéna serdaigle
29%
28 antonin dolohov
27%
3 baron sanglant
27%
18 colin crivey
27%
44 fumseck
27%
4 katie bell
27%
104 salazar serpentard
27%
50 fenrir greyback
25%
95 helga poufsouffle
25%
33 kendra dumbledore
25%
109 andromeda tonks
24%
6 cuthbert binns
24%
49 graup
22%
103 helena serdaigle
22%
79 miss teigne
22%
106 rita skeeter
22%
62 rodolphus lestrange
18%
72 cormac mclaggen
16%
82 garrick ollivander
16%
35 marge dursley
16%
80 moine gras
16%
8 susan bones
16%
46 merope gaunt
14%
97 stan rocade
12%
10 charity burbage
10%
45 elvis gaunt
10%
22 barty croupton jr
8%
11 franck bryce
8%
51 godric griffondor
8%
19 denis crivey
6%
38 arabella figgs
2%
99 augustus rookwood
2%
105 kingsley shacklebot
2%
21 bartiemus croupton sr
0%
57 bertha jorkins
0%
41 mondigus fletcher
0%
91 piers polkiss
0%
101 rufus srimgeour
0%
111 sybille trewlawney
0%
54 tom jedusor sr
0%
Aucun quiz correspondant
Distribution des résultats
% des personnes avec chaque résultat
Percentile par nombre de réponses
Votre historique - résultats
Vous n’avez pas pris ce quiz